Χριστιανική Θεσσαλονίκη : σταυροπηγιακές και ενοριακές μονές : ΚΗ' Δημήτρια Ζ' επιστημονικό συμπόσιο, Ιερά Μονή Βαλτάδων 18-20 Οκτωβρίου 1993.

Saved in:
Bibliographic Details
Corporate Authors: Επιστημονικό Συμπόσιο "Χριστιανική Θεσσαλονίκη" Μονή Βλατάδων, Δημήτρια
Format: Conference Proceeding Book
Language:Greek
Published: Θεσσαλονίκη : Κέντρο Ιστορίας Θεσσαλονίκης του Δήμου Θεσσαλονίκης, 1995.
Series:Αυτοτελείς εκδόσεις (Κέντρο Ιστορίας Θεσσαλονίκης του Δήμου Θεσσαλονίκης) ; 17
Subjects:
Tags: Add Tag
No Tags, Be the first to tag this record!

MARC

LEADER 00000cam a2200000 i 4500
001 1/19259
008 010406s1995 gr | ||| |||| ||gre||
035 |l 10066787 
040 |a GR-MyUa  |b gre  |e AACR2 
041 0 |a gre 
082 7 |a 271   |2 (22) 
111 2 |a Επιστημονικό Συμπόσιο "Χριστιανική Θεσσαλονίκη"   |n (7ο :   |d 1993 :   |c Μονή Βλατάδων) 
245 1 0 |a Χριστιανική Θεσσαλονίκη :   |b σταυροπηγιακές και ενοριακές μονές : ΚΗ' Δημήτρια Ζ' επιστημονικό συμπόσιο, Ιερά Μονή Βαλτάδων 18-20 Οκτωβρίου 1993. 
260 |a Θεσσαλονίκη :   |b Κέντρο Ιστορίας Θεσσαλονίκης του Δήμου Θεσσαλονίκης,   |c 1995. 
300 |a 244 σ. ;   |c 24 εκ. 
490 1 |a (Αυτοτελείς εκδόσεις / Κέντρο Ιστορίας Θεσσαλονίκης του Δήμου Θεσσαλονίκης ;   |v  17) 
610 2 0 |a Orthodox Eastern Church  |z Greece  |z Thessalonike  |x History  |x Congresses. 
651 0 |a Thessalonike (Greece)  |x Church history  |x Congresses. 
711 2 |a Δημήτρια   |n (28α :   |d 1993 :   |c Θεσσαλονίκη) 
830 0 |a Αυτοτελείς εκδόσεις (Κέντρο Ιστορίας Θεσσαλονίκης του Δήμου Θεσσαλονίκης)  |v  ; 17 
852 |a INST  |b LESVOS  |e 20010406  |h 271 ΕΠΙ  |p 005100028980  |q 005100028980  |t BK  |y 0 
901 |a BIBL1-2001-1 
970 |a ΤΖΑΦΕΡΗ  |b ΕΥΑΓΓΕΛΙΑ  |z 2001/04/06